| 000 | 01427nam a2200385 i 4500 | ||
|---|---|---|---|
| 001 | 53688 | ||
| 003 | ES-MaCES | ||
| 005 | 20250422141408.0 | ||
| 008 | 250421s2024 sp 000|||spad | ||
| 017 | _aNA 23273-2024 | ||
| 020 | _a9788411629171 | ||
| 040 |
_aES-MaCES _bspa _cES-MaCES |
||
| 100 | 1 |
_aAlonso-Olea García, Belén _96039 |
|
| 245 | 1 | 0 |
_aDerecho de la protección social _b: derecho a la Seguridad Social, derecho a la asistencia sanitaria y derecho a los servicios sociales _cBelén Alonso-Olea García |
| 250 | _a5ª ed | ||
| 260 |
_aLas Rozas (Madrid) _bAranzadi La Ley _c2024 |
||
| 300 |
_a763p. _c24 cm |
||
| 490 | 1 | _aManual universitario | |
| 500 | _aAnteriormente, en la serie: Tratados y manuales (Civitas Thomson-Reuters) | ||
| 504 | _aBibliografía, normativa y jurisprudencia constitucional por capts. | ||
| 541 | _cCompra | ||
| 650 | 4 |
_aderecho _927151 |
|
| 650 | 4 |
_aprotección social _929076 |
|
| 650 | 4 |
_aseguridad social _927034 |
|
| 650 | 4 |
_aasistencia médica _930272 |
|
| 650 | 4 |
_aservicios sociales _927056 |
|
| 650 | 4 |
_alegislación de seguridad social _929855 |
|
| 650 | 4 |
_aEspaña _926964 |
|
| 650 | 4 |
_arégimen jurídico _929894 |
|
| 653 | 1 | 0 | _aDerecho del trabajo y Seguridad Social |
| 775 | 0 |
_tDerecho de la protección social _w(ES-MaCES)51588 |
|
| 830 | 0 |
_aManual universitario (Aranzadi La Ley) _941358 |
|
| 902 | _aLIB Libro | ||
| 942 |
_2CES _cBK _h6.0.1. |
||
| 999 |
_c53688 _d53688 |
||